Statistics for 10 Most Populated US Cities In US States Beginning with 'C'

Click here to take the quiz!

General Stats

  • This quiz has been taken 23 times
  • The average score is 9 of 10

Answer Stats

PopAnswer% Correct
3.84 millionLos Angeles
100%
1.38 millionSan Diego
100%
815201San Francisco
100%
983489San Jose
95%
711463Denver
90%
525041Sacramento
86%
438596Colorado Springs
81%
544510Fresno
76%
433823Oakland
76%
456062Long Beach
57%

Score Distribution

Percentile by Number Answered

Percent of People with Each Score

Your Score History

You have not taken this quiz